| 000 | 01007nas a2200277 4500 | ||
|---|---|---|---|
| 001 | BR9201664 | ||
| 003 | BR-BrBNA | ||
| 005 | 20231205092431.0 | ||
| 007 | ta | ||
| 008 | 230509b bl.|||p| |||| 00| 00por d | ||
| 040 |
_aBR-BrBNA _bpor _cBiblioteca Nacional de Agricultura |
||
| 041 | _a(Pt) | ||
| 072 | _aP06 | ||
| 100 | 1 | _aBenassi, V.T. | |
| 100 | 1 | _aCamargo, C.R.O. | |
| 100 | 1 | _aCiacco, C.F. | |
| 245 | 1 | _aCaracterizacao quimica e reducao do conteudo de acidos nucleicos das celulas de levedura (Saccharomyces spp.)provenientes da producao de alcool de cana | |
| 246 | 1 | _aChemical characterization and RNA reduction of yeast cells (Saccharomyces spp.)originated from sugar cane alcohol production | |
| 650 | _aALCOOL | ||
| 650 | _aCANA DE ACUCAR | ||
| 650 | _aFERMENTO | ||
| 650 | _aFERMENTACAO | ||
| 773 | 0 |
_tCiencia e Tecnologia de Alimentos (Brazil) _xISSN 0101-2061 _g(Jul-Dec 1990), v. 10(2) p. 249-260 _wBR9201664 |
|
| 909 |
_a202311 _bLúcia _c55 _dLúcia Elande |
||
| 942 |
_2AGRIS _n0 _cANA |
||
| 999 |
_c131675 _d131675 |
||